000 01584cam a2200385 i 4500
999 _c14748
_d14748
001 20788094
005 20191204100902.0
008 181220t20182018wlka b 000 0 eng d
010 _a 2018377489
020 _a978-178583256-7
035 _a(OCoLC)ocn990963149
040 _aYDX
_beng
_cYDX
_erda
_dBTCTA
_dUAB
_dOCLCF
_dCOO
_dDLC
042 _alccopycat
050 0 0 _aLB2805
_b.H345 2018
082 0 4 _aDC 371.2011
_22018
_bH313
100 1 _aHarris, David,
_d1960 September 27-
_eauthor.
_940723
245 1 0 _aLeadership dialogues II :
_bleadership in times of change /
_cDave Harris and John West-Burnham.
246 3 _aLeadership dialogues two
260 _aBancyfelin:
_bCrown House Publishing Limited,
_c©2018
300 _aii, 206 pages :
_billustrations ;
_c23 cm
500 _aFirst 'edition' authored by John West-Burnham and Dave Harris.
504 _aIncludes bibliographical references (pages 183-191).
650 0 _aEducational leadership.
_939599
650 0 _aSchool management and organization.
_939601
650 7 _aEDUCATION / Administration / General.
_2bisacsh
_940724
650 7 _aEDUCATION / Organizations & Institutions.
_2bisacsh
_940725
650 7 _aEducational leadership.
_2fast
_939599
650 7 _aSchool management and organization.
_2fast
_939601
700 1 _aWest-Burnham, John,
_d1946-
_eauthor.
_940726
365 _b2,501.00
_cPhp
906 _a7
_bcbc
_ccopycat
_d2
_encip
_f20
_gy-gencatlg
942 _2ddc
_cDC